| 000 | 00959nab a2200277 4500 | ||
|---|---|---|---|
| 003 | BR-BrBNA | ||
| 005 | 20240624123543.0 | ||
| 008 | 240624b bl.||||| |||| 00| 0 por d | ||
| 040 |
_aBR-BrBNA _bpor |
||
| 072 | _aD50 ; P10 | ||
| 100 | _aGarcia Júnior, Antônio | ||
| 245 |
_aOutorga de uso de água: é hora de providenciar a sua! _bLegislação |
||
| 500 | _a2 illus.; 1 table | ||
| 650 | _aMANEJO DE ÁGUA | ||
| 650 | _aDISPONIBILIDADE DE ÁGUA | ||
| 650 | _aCONSERVAÇÃO DA ÁGUA | ||
| 650 | _aÁGUAS SUPERFICIAIS | ||
| 650 | _aÁGUAS SUBTERRÂNEAS | ||
| 650 | _aABASTECIMENTO DE ÁGUA | ||
| 650 | _aÁGUA DE IRRIGAÇÃO | ||
| 650 | _aDIREITO DE USO | ||
| 650 | _aLEGISLAÇÃO | ||
| 773 | 0 |
_04769 _9314614 _dBebedouro - SP Grupo Técnico de Assistência e Consultoria em Citrus 2001 _o2024-0866 _tCiência e Pratica (Brazil) _gv. 2(4) p. 8-9; (Jan-Mar 2002) _wBR2024001869 |
|
| 942 | _cAnalítica | ||
| 999 |
_c300203 _d300203 |
||